| 000 | 01154nam a22003257a 4500 | ||
|---|---|---|---|
| 003 | CHAP | ||
| 005 | 20220329140731.0 | ||
| 008 | 971013s1977 r 00010 d | ||
| 010 | _a56740 | ||
| 011 | _a57712 | ||
| 035 | _a61867 | ||
| 040 | _cCHAP | ||
| 082 |
_a541.7 _bS2 |
||
| 100 | 0 | 0 |
_aScholtens, B. J. R. _9103131 |
| 245 | _aCopolymers at a liquid-liquid interface and their retarding effect on mass transfer between both phases | ||
| 260 |
_aWageningen : _bVeenman & Zonen, _c1977 |
||
| 300 |
_a124 p. _b: gráfs. |
||
| 490 |
_aMededelingen Landbouwhogeschool _v; 77-7 |
||
| 590 |
_aBATCH-UPD _b10 _c20130110 _lUCH01 _h0622 |
||
| 590 |
_aBATCH-UPD _b10 _c20130110 _lUCH01 _h2316 |
||
| 590 |
_aBATCH-UPD _b10 _c20130410 _lUCH01 _h0305 |
||
| 590 |
_aBATCH-UPD _b10 _c20130914 _lUCH01 _h1926 |
||
| 590 |
_aCONVERSION _b10 _c20130109 _lUCH01 _h1330 |
||
| 650 | 1 | 4 |
_aPolímeros y polimerización. _990281 |
| 830 | 0 |
_aMededelingen Landbouwhogeschool _v; 77-7 _973858 |
|
| 901 | _aBK | ||
| 942 | _cLIBRO | ||
| 949 |
_a541.7 S2 _bBC _cLIBRO _d33724000411914 _eLIBRO _h42212 _i61867 _si |
||
| 949 |
_a541.7 S2 _bBC _cLIBRO _d33724000411971 _eLIBRO _fc.2 _h45945 _i61867 _si |
||
| 999 |
_c56740 _d56740 |
||